000 00880nam a2200313 c 4500
001 20827
003 ES-MaCES
005 20141221122703.0
008 080123s2007 sp t 010 | spa d
017 _aM 39544-2007
_bDL
035 _aCES20080000561m
040 _aES-MaCES
_bspa
_cES-MaCES
245 0 0 _aLaudos arbitrales en el SIMA, 1998-2006
260 _aMadrid
_bFundación SIMA
_c2007
300 _a501 p.
_c24 cm
541 _cGratuito
650 4 _alaudo arbitral
_929860
650 4 _aEspaña
_926964
650 4 _a1998-2006
_931918
650 4 _atexto
_929624
650 4 _ajurisprudencia
_928624
650 4 _acomentario
_928971
653 1 0 _aRelaciones laborales-Empleo
710 2 _aFundación SIMA
_eed.
_93909
710 2 _aFundación SIMA
_93909
902 _aLIB Libro
942 _2CES
_cBK
_h2.0.
999 _c20827
_d20827